000 00504nam a2200181Ia 4500
003 SGT
020 _a9780070636064
082 _a620.136
_bMEH
100 _aMehta,P Kumar
245 _aConcrete
250 _a3rd Ed.
260 _bTata McGraw Hill Education Private Limited
_aNew Delhi
_c2006
300 _a659p.
650 _aCIVIL ENGINEERING
653 _aMICROSTRUCTURE AND PROPERTIES OF HARDENED CONCRETE STRENGTH ,DIMENSIONAL STABILITY
700 _aMonteiro,Paulo J.M
942 _2ddc
_cBK
_04
999 _c5204
_d5204